| LDR | | 01948cmm u2200541Ii 4500 |
| 001 | | 000000309341 |
| 003 | | OCoLC |
| 005 | | 20230525133835 |
| 006 | | m o d |
| 007 | | cr cnu|||unuuu |
| 008 | | 150130s2015 sa o 000 0 eng d |
| 020 | |
▼a 9781485104940
▼q electronic bk. |
| 020 | |
▼a 1485104947
▼q electronic bk. |
| 020 | |
▼z 9780702188763 |
| 035 | |
▼a (OCoLC)901263678 |
| 040 | |
▼a N$T
▼b eng
▼e rda
▼e pn
▼c N$T
▼d N$T
▼d OCLCF
▼d YDXCP
▼d OCLCA
▼d 248032 |
| 049 | |
▼a MAIN |
| 050 | 4 |
▼a LA1537 |
| 072 | 7 |
▼a EDU
▼x 042000
▼2 bisacsh |
| 072 | 7 |
▼a EDU
▼x 036000
▼2 bisacsh |
| 072 | 7 |
▼a EDU
▼x 024000
▼2 bisacsh |
| 072 | 7 |
▼a EDU
▼x 010000
▼2 bisacsh |
| 082 | 04 |
▼a 372.968
▼a 370.78
▼2 23 |
| 100 | 1 |
▼a Reddy, Chris,
▼e author. |
| 245 | 10 |
▼a Quality assessment in South African schools /
▼c Chris Reddy, Lesley le Grange, Peter Beets, Sampie Lundie. |
| 264 | 1 |
▼a Claremont :
▼b Juta and Company Ltd,
▼c [2015] |
| 300 | |
▼a 1 online resource. |
| 336 | |
▼a text
▼b txt
▼2 rdacontent |
| 337 | |
▼a computer
▼b c
▼2 rdamedia |
| 338 | |
▼a online resource
▼b cr
▼2 rdacarrier |
| 588 | 0 |
▼a Vendor-supplied metadata. |
| 590 | |
▼a eBooks on EBSCOhost
▼b All EBSCO eBooks |
| 650 | 0 |
▼a Schools
▼z South Africa. |
| 650 | 0 |
▼a Educational evaluation
▼z South Africa. |
| 650 | 7 |
▼a EDUCATION / Essays
▼2 bisacsh |
| 650 | 7 |
▼a EDUCATION / Organizations & Institutions
▼2 bisacsh |
| 650 | 7 |
▼a EDUCATION / Reference
▼2 bisacsh |
| 650 | 7 |
▼a EDUCATION / Elementary
▼2 bisacsh |
| 650 | 7 |
▼a Educational evaluation.
▼2 fast
▼0 (OCoLC)fst00903437 |
| 650 | 7 |
▼a Schools.
▼2 fast
▼0 (OCoLC)fst01107958 |
| 651 | 7 |
▼a South Africa.
▼2 fast
▼0 (OCoLC)fst01204616 |
| 655 | 4 |
▼a Electronic books. |
| 700 | 1 |
▼a Le Grange, Lesley,
▼e author. |
| 700 | 1 |
▼a Beets, Peter,
▼e author. |
| 700 | 1 |
▼a Lundie, Sampie,
▼e author. |
| 856 | 40 |
▼u http://search.ebscohost.com/login.aspx?direct=true&scope=site&db=nlebk&AN=944621 |
| 938 | |
▼a EBSCOhost
▼b EBSC
▼n 944621 |
| 938 | |
▼a YBP Library Services
▼b YANK
▼n 12261529 |
| 990 | |
▼a 관리자 |